El Concepto del hombre : (Record no. 53810)

MARC details
000 -LEADER
fixed length control field 00547nam a22001817a 4500
005 - DATE AND TIME OF LATEST TRANSACTION
control field 20150124130623.0
008 - FIXED-LENGTH DATA ELEMENTS--GENERAL INFORMATION
fixed length control field 140602t mxu||||| |||| 00| 0 spa d
050 #4 - LIBRARY OF CONGRESS CALL NUMBER
Classification number BD431
Item number C65 1964
100 1# - MAIN ENTRY--PERSONAL NAME
Personal name Radhakrishnan, S.,
245 13 - TITLE STATEMENT
Title El Concepto del hombre :
Remainder of title estudio de filosofia comparada /
250 ## - EDITION STATEMENT
Edition statement 1a ed.
260 ## - PUBLICATION, DISTRIBUTION, ETC. (IMPRINT)
Place of publication, distribution, etc México :
Name of publisher, distributor, etc Fondo de Cultura Economica,
Date of publication, distribution, etc 1964
300 ## - PHYSICAL DESCRIPTION
Extent 482 p. ;
Dimensions 18 cm.
490 ## - SERIES STATEMENT
Series statement Breviario ;
Volume number/sequential designation no. 176
504 ## - BIBLIOGRAPHY, ETC. NOTE
Bibliography, etc Inlcuye índice
650 #4 - SUBJECT ADDED ENTRY--TOPICAL TERM
Topical term or geographic name as entry element El Hombre
General subdivision Filosofia Comparada
942 ## - ADDED ENTRY ELEMENTS (KOHA)
Source of classification or shelving scheme Clasificación Decimal Dewey
Koha item type Libro
Holdings
Estado de pérdida Fuente de clasificación Estado del daño No para préstamo Ubicación permanente Ubicación actual Apartado o colección Fecha de adquisición Fuente de adquisición Área del conocimiento Total Checkouts Clasificación Código de Barras Date last seen Date checked out Número de copia Tipo de recurso
  Biblioteca del Cogreso de los Estados Unidos     Biblioteca de la Facultad de Filosofía Biblioteca de la Facultad de Filosofía General 02/06/2014     1 BD431 C65 1964 BFF000006720 30/10/2024 04/10/2024 C:1 Libro